000
00256nam a22001217a 4500
020
_a
853451133
082
_a
320.53. 15 BAR
245
_a
Baran,P A
260
_a
New york
_c
1969
300
_a
xxviii,444p.
_b
20cm
500
_a
Including Index.
942
_c
BK
999
_c
15934
_d
15934